| 000 | 00396nam a2200157Ia 4500 | ||
|---|---|---|---|
| 008 | 231217s9999 xx 000 0 und d | ||
| 041 | _aEnglish | ||
| 082 | _a006.33 JAC;3 R | ||
| 100 | _aJackson, Peter | ||
| 245 | 0 | _aIntroduction to expert systems | |
| 250 | _a3rd ed. | ||
| 260 |
_c1999 _bPearson Education _aNew Delhi |
||
| 300 | _axvii+542 | ||
| 650 | _aexpert,systems | ||
| 942 | _cAA | ||
| 999 |
_c172206 _d172206 |
||